Comparison of cooled liquid metallic reactors (sodium and lead); Научная инициатива иностранных студентов и аспирантов

Dades bibliogràfiques
Parent link:Научная инициатива иностранных студентов и аспирантов.— 2022.— [С. 866-871]
Autor principal: Samy Samy Hamed Mabrouk Khamis
Autor corporatiu: Национальный исследовательский Томский политехнический университет Инженерная школа энергетики Научно-образовательный центр И. Н. Бутакова (НОЦ И. Н. Бутакова)
Altres autors: Lavrinenko S. V. Sergey Viktorovich (научный руководитель)
Sumari:Заглавие с экрана
Idioma:anglès
Publicat: 2022
Col·lecció:Science as a vocation and career
Matèries:
Accés en línia:http://earchive.tpu.ru/handle/11683/73157
Format: MixedMaterials Electrònic Capítol de llibre
KOHA link:https://koha.lib.tpu.ru/cgi-bin/koha/opac-detail.pl?biblionumber=634850

MARC

LEADER 00000naa2a2200000 4500
001 634850
005 20231214133750.0
035 |a (RuTPU)RU\TPU\conf\36668 
035 |a RU\TPU\conf\36655 
090 |a 634850 
100 |a 20220920d2022 k y0rusy50 ba 
101 0 |a eng 
102 |a RU 
105 |a y z 101zy 
135 |a drcn ---uucaa 
181 0 |a i  
182 0 |a b 
200 1 |a Comparison of cooled liquid metallic reactors (sodium and lead)  |f Samy Samy Hamed Mabrouk Khamis  |g sci. adv. S. V. Lavrinenko 
203 |a Текст  |c электронный 
225 1 |a Science as a vocation and career 
300 |a Заглавие с экрана 
320 |a [Библиогр.: с. 871 (4 назв.)] 
463 0 |0 (RuTPU)RU\TPU\conf\36575  |t Научная инициатива иностранных студентов и аспирантов  |o сборник докладов II Международной научно-практической конференции, Томск, 26-28 апреля 2022 г.  |f Национальный исследовательский Томский политехнический университет. Школа базовой инженерной подготовки  |v [С. 866-871]  |d 2022 
610 1 |a электронный ресурс 
610 1 |a труды учёных ТПУ 
610 1 |a сравнение 
610 1 |a жидкометаллические реакторы 
610 1 |a реакторы-размножители 
610 1 |a ядерное топливо 
700 0 |a Samy Samy Hamed Mabrouk Khamis 
702 1 |a Lavrinenko  |b S. V.  |c specialist in the field of power engineering  |c senior lecturer of Tomsk Polytechnic University  |f 1986-  |g Sergey Viktorovich  |4 727  |9 18905 
712 0 2 |a Национальный исследовательский Томский политехнический университет  |b Инженерная школа энергетики  |b Научно-образовательный центр И. Н. Бутакова (НОЦ И. Н. Бутакова)  |3 (RuTPU)RU\TPU\col\23504 
801 2 |a RU  |b 63413507  |c 20221011  |g RCR 
856 4 |u http://earchive.tpu.ru/handle/11683/73157 
942 |c BK